MARC

LEADER 00000nam0a2200000 4500
001 80184
005 20231031094514.0
035 |a (RuTPU)RU\TPU\book\86183 
090 |a 80184 
100 |a 20050901d1987 km y0rusy50 ca 
101 0 |a rus 
102 |a RU 
105 |a y ef 000zy 
200 1 |a Юридический энциклопедический словарь  |f гл. ред. А. Я. Сухарев 
205 |a 2-е изд., доп. 
210 |a Москва  |c Советская энциклопедия  |d 1987 
215 |a 528 с. 
610 1 |a юриспруденция 
610 1 |a право 
610 1 |a советское право 
610 1 |a государственная власть 
610 1 |a права граждан 
610 1 |a свободы граждан 
610 1 |a правовые гарантии 
610 1 |a правоотношения 
610 1 |a уголовное право 
610 1 |a исправительно-трудовое право 
610 1 |a судопроизводство 
610 1 |a энциклопедии 
610 1 |a словари 
686 |a Х  |v LBC/SL-A  |2 rubbk 
702 1 |a Сухарев  |b А. Я.  |4 651 
801 1 |a RU  |b 63413507  |c 20050901  |g PSBO 
801 2 |a RU  |b 63413507  |c 20101124  |g PSBO 
942 |c BK